000 00803nam a22002537a 4500
999 _c4009
_d4009
003 AR-CdUCM
008 190307b ||||| |||| 00| 0 spa d
020 _a84-8280-107-4
040 _aMUNICIPALIDAD PROVINCIAL DEL CUSCO
_cBIBLIOTECA MUNICIPAL DEL CUSCO
041 _heng
082 _a828.83 /
_bST79
100 _aStevenson, Robert
_912797
245 _aEl extraño caso del Dr. Jekyll y Mr. Hyde /
260 _aBogotá :
_bLa oveja Negra,
_c1984.
300 _a217 páginas ;
_c19 cm.
440 _aHistoria universal de la literatura.
_n7
_912798
650 _aNovelas inglesas
_91158
650 _aSiglo XIX
_9971
650 _aTraducciones al español
_91053
650 _aNovelas psicológicas
_92846
700 _aSilvi, Carlos (traductor)
_912799
942 _2ddc
_cLIBROS
945 _azta